000 00798nam a2200241 a 4500
003 MX-MxUPN
005 20220617124624.0
008 220613s1990 mx a||||rb||| 000 0 spa d
020 _a9684203276
040 _aMX-MxUPN
_bspa
_cMX-MxUPN
041 0 _aspa
050 1 4 _aLB1648 M63
_bR52 1990
100 1 _aRincón Arce, Álvaro
_944821
100 1 _aRocha Léon, Alonso
_944823
245 1 0 _aABC de Física :
_btercer curso para las escuelas de educación secundaria : asignaturas
250 _aOctava edición.
260 _aMéxico, D.F. :
_bHerrero,
_c1990.
300 _a150 páginas :
_bilustraciones.
504 _aIncluye referencias bibliográficas.
650 4 _aFísica
_xEstudio y enseñanza (Secundaria)
_98873
650 4 _aFísica
_vLibros de texto
_944449
942 _2lcc
_cLIBRO
999 _c208607
_d208607